<?xml version="1.0" encoding="UTF-8"?><?xml-stylesheet type="text/xsl" href="static/style.xsl"?><OAI-PMH xmlns="http://www.openarchives.org/OAI/2.0/" xmlns:xsi="http://www.w3.org/2001/XMLSchema-instance" xsi:schemaLocation="http://www.openarchives.org/OAI/2.0/ http://www.openarchives.org/OAI/2.0/OAI-PMH.xsd"><responseDate>2026-04-17T03:09:53Z</responseDate><request verb="GetRecord" identifier="oai:www.recercat.cat:2117/191307" metadataPrefix="marc">https://recercat.cat/oai/request</request><GetRecord><record><header><identifier>oai:recercat.cat:2117/191307</identifier><datestamp>2025-07-22T17:22:16Z</datestamp><setSpec>com_2072_1033</setSpec><setSpec>col_2072_452951</setSpec></header><metadata><record xmlns="http://www.loc.gov/MARC21/slim" xmlns:dcterms="http://purl.org/dc/terms/" xmlns:xsi="http://www.w3.org/2001/XMLSchema-instance" xmlns:doc="http://www.lyncode.com/xoai" xsi:schemaLocation="http://www.loc.gov/MARC21/slim http://www.loc.gov/standards/marcxml/schema/MARC21slim.xsd">
   <leader>00925njm 22002777a 4500</leader>
   <datafield ind2=" " ind1=" " tag="042">
      <subfield code="a">dc</subfield>
   </datafield>
   <datafield ind2=" " ind1=" " tag="720">
      <subfield code="a">Pey Vilches, Mónica</subfield>
      <subfield code="e">author</subfield>
   </datafield>
   <datafield ind2=" " ind1=" " tag="260">
      <subfield code="c">2006</subfield>
   </datafield>
   <datafield ind2=" " ind1=" " tag="520">
      <subfield code="a">El objetivo del proyecto es el diseño de un Sistema Integrado de prevención de riesgos, capaz de eliminar, minimizar o controlar los riesgos que puedan incurrir en un edificio en el que se desarrolla una actividad empresarial, y cuyos riesgos sean susceptibles de afectar directa o indirectamente a las personas, a la propia edificación o al medio ambiente. El Sistema Integrado de prevención de riesgos ha sido proyectado en base al edificio situado en la calle Anglí 38-40 de Barcelona, dedicado actualmente a Centro Asistencial de Asepeyo, Mutua de accidentes de trabajo y enfermedades profesionales de la Seguridad Social, donde se realizan actividades sanitarias, administrativas y preventivas. Las características de esta edificación, la complejidad de sus instalaciones, un sistema organizativo propio y a la vez supeditado a la organización general de la empresa, así como la diversidad de actividades que se desarrollan, han permitido concebir un sistema en forma de modelo, fácilmente adaptable a otras tipologías de edificio, a otros tipos de usuarios, y en definitiva a otras actividades empresariales.</subfield>
   </datafield>
   <datafield tag="653" ind2=" " ind1=" ">
      <subfield code="a">Àrees temàtiques de la UPC::Edificació::Seguretat en la construcció</subfield>
   </datafield>
   <datafield tag="653" ind2=" " ind1=" ">
      <subfield code="a">Industrial safety</subfield>
   </datafield>
   <datafield tag="653" ind2=" " ind1=" ">
      <subfield code="a">Seguretat en el treball</subfield>
   </datafield>
   <datafield tag="653" ind2=" " ind1=" ">
      <subfield code="a">Construcció -- Accidents -- Prevenció</subfield>
   </datafield>
   <datafield ind2="0" ind1="0" tag="245">
      <subfield code="a">Modelo integrado de gestión preventiva en la explotación de un edificio</subfield>
   </datafield>
</record></metadata></record></GetRecord></OAI-PMH>